| 000 | 00658nam a22001817a 4500 | ||
|---|---|---|---|
| 005 | 20171107100144.0 | ||
| 010 | _aENG-121247 | ||
| 020 |
_a8181770587 _c1040.00 |
||
| 035 | _aEN-104779 | ||
| 037 | _bDBAD/PUB | ||
| 082 | _a581.954163 | ||
| 100 | _aPal, G.D. | ||
| 245 |
_aFlora of lower subansiri district, Arunchal Pradesh (India) / _cby G.D. Pal |
||
| 260 |
_bThe Director, Botanical Survey Of India, _c2013 _aKolkata |
||
| 270 |
_aCGO Complex, 3rd MSO Building, Block F(5th and 6th Floor), DF Block, Sector I, Salt lake City _bKolkata _e 700 064 |
||
| 300 |
_aVol.2(610p) : _bill. _c25cm, (Hb) |
||
| 942 |
_2ddc _cEN _h581.954163 _mPAL |
||
| 999 |
_c147166 _d147166 |
||